| 000 | 00564nam a2200229Ia 4500 | ||
|---|---|---|---|
| 005 | 20140403130851.0 | ||
| 008 | 140130s9999 xx 000 0 und d | ||
| 020 | _a9780689817311 | ||
| 050 |
_aPZ 7 _b.C21476Hav 1997 |
||
| 100 |
_aCarle. Eric. _91464 |
||
| 245 |
_cEric Carle. _aHave you seen my cat? / |
||
| 260 |
_bScholastic Inc, _cc1997. _aUSA : |
||
| 300 |
_a30 p. : _bill. col. ; _c18 cm. |
||
| 440 |
_v1 _931109 |
||
| 521 | _aBR | ||
| 526 | _cBR | ||
| 942 |
_cBK _2lcc |
||
| 999 |
_c41498 _d41498 |
||